000 00298nam a2200121Ia 4500
008 190216s9999||||xx |||||||||||||| ||und||
100 _aYogendrakumar Lalla
245 0 _aHindi-Hindi Lerivkaom Ki Kshethr Kahaniyam
260 _bJohn Wiley & Sons
300 _a288
650 _aHindi
942 _cBK
999 _c16045
_d16045